Logo BPK

Bibliografia Prac Pracowników

Politechniki Koszalińskiej

The evaluation of electrolytically polished surfaces / (Rekord nr 1122)

Szczegóły MARC
000 -ETYKIETA REKORDU
podpole kontrolne o stałej długości 01016nab a2200217 i 4500
001 - NUMER KONTROLNY REKORDU
podpole kontrolne BPP
003 - IDENTYFIKATOR NUMERU KONTROLNEGO REKORDU
podpole kontrolne BPK
005 - DATA OSTATNIEJ MODYFIKACJI REKORDU
podpole kontrolne 20160108081804.0
008 - POLE O STAŁEJ DŁUGOŚCI - DANE KONTROLNE
podpole kontrolne o stałej długości 140717s1977 ne f |000 0 eng
040 ## - ŹRÓDŁO KATALOGOWANIA
Instytucja, która utworzyła rekord BPK
041 ## - KOD JĘZYKA
Kod języka tekstu eng
044 ## - KOD KRAJU WYDAWCY/PRODUCENTA
Kod kraju wydawcy/producenta NLD
100 ## - NAZWA OSOBOWA
Nazwa osobowa HRYNIEWICZ, Tadeusz.
Lata pracy 1971 - 1996.
Instytucja Wyższa Szkoła Inżynierska w Koszalinie - Instytut Budowy Maszyn,
Wydział Zakład Technologii Budowy Maszyn
245 ## - TYTUŁ/ODPOWIEDZIALNOŚĆ
Tytuł The evaluation of electrolytically polished surfaces /
Pozostałe elementy strefy tytułu i oznaczenia odpowiedzialności Tadeusz Hryniewicz, Tadeusz Karpiński, Czesław Łukianowicz.
260 ## - STREFA ADRESU WYDAWNICZEGO
Data publikacji, dystrybucji/powstania dokumentu 1977.
500 ## - UWAGI OGÓLNE
Tekst uwagi Dane z bibliografii załącznikowej.
700 ## - HASŁO DODATKOWE - NAZWA OSOBOWA
Nazwa osobowa ŁUKIANOWICZ, Czesław.
Lata pracy 1973 - 1996.
Instytucja Wyższa Szkoła Inżynierska w Koszalinie - Instytut Techniki Wytwarzania,
Wydział Zakład Technologii Budowy Maszyn
773 ## - TYTUŁ DOKUMENTU MACIERZYSTEGO
Wyrażenie wprowadzające W :
Tytuł Wear. -
Informacje dotyczące relacji 1977, 45 (3), pp. 335-343
700 ## - HASŁO DODATKOWE - NAZWA OSOBOWA
Nazwa osobowa KARPIŃSKI, Tadeusz.
Lata pracy 1970 - 1996.
Instytucja Wyższa Szkoła Inżynierska w Koszalinie - Instytut Techniki Wytwarzania,
Wydział Zakład Technologii Budowy Maszyn
942 ## - HASŁO DODATKOWE - ELEMENTY(KOHA)
Typ dokumentu Artykuł
Schemat klasyfikacji Uniwersalna klasyfikacja dziesiętna

Brak dostępnych egzemplarzy.

© 2014 Biblioteka Politechniki Koszalińskiej :: BIBLIOGRAFIA PRAC PRACOWNIKÓW